000 00497nam a2200181Ia 4500
003 GCL
008 140319s9999 xx 000 0 ara d
040 _aGCL /
_cGCL
082 0 4 _a370.7122
_bهـ ر
100 1 _aهدى الناشف
245 1 0 _aرياض الاطفال /
_cهدى الناشف
260 _a[S.N] :
_bدار الفكر العربى
490 _a
650 0 4 _aالتربية
650 0 4 _aتعليم الاطفال
650 0 4 _aروضة الاطفال
942 _2ddc
_cBK
999 _c52404
_d52404